[Event "OPEN 1"]
[Site "http://www.queenalice.com/game.php?id=1096076"]
[Date "2012.8.24"]
[Round "-"]
[White "aloeto35"]
[Black "MONSTERXADREZ"]
[Result "0-1"]
[WhiteElo "1216"]
[BlackElo "1505"]

1. e4 Nf6 2. Nc3 g6 3. f4 d6 4. Nf3 b6 5. Bc4 Bg7 6. d3 O-O 7. Nh4 Bg4 8. Nf3
Qd7 9. h3 b5 10. Bxb5 c6 0-1

[Event "Chris-Alo"]
[Site "http://www.queenalice.com/game.php?id=1234067"]
[Date "2013.11.21"]
[Round "-"]
[White "ChrisBidlack"]
[Black "aloeto35"]
[Result "1-0"]
[WhiteElo "1220"]
[BlackElo "1199"]

1. e4 e5 2. Nf3 d6 3. Bc4 f6 4. Bxg8 Rxg8 5. O-O Be6 6. d4 Nd7 7. d5 Bg4 8. h3
Bh5 9. Qd3 Qe7 10. Nc3 Nb6 11. Be3 g6 12. g4 f5 13. gxh5 f4 14. Bxb6 axb6 15.
Kh2 h6 16. hxg6 Ra5 17. Rg1 Qd7 18. Rg4 h5 19. Rg5 Rh8 20. Rag1 c6 21. Qf1 cxd5
22. Nxd5 Qa4 23. g7 Qxe4 24. Nf6+ Kf7 25. Nxe4 1-0

[Event "Gisa-Alo"]
[Site "http://www.queenalice.com/game.php?id=1234068"]
[Date "2013.11.21"]
[Round "-"]
[White "gisa2010"]
[Black "aloeto35"]
[Result "1-0"]
[WhiteElo "1299"]
[BlackElo "1212"]

1. e4 e5 2. Bc4 Nh6 3. Qh5 d6 4. Nf3 Be7 5. Ng5 Bg4 6. Nxf7 Bxh5 7. Nxd8 Bxd8 8.
Nc3 Bh4 9. Nd5 Na6 10. g3 Bd8 11. Bb5+ c6 12. Ba4 Nc5 13. b3 O-O 14. d4 1-0

[Event "Lemur-Alo"]
[Site "http://www.queenalice.com/game.php?id=1380096"]
[Date "2015.8.28"]
[Round "-"]
[White "Lemur"]
[Black "aloeto35"]
[Result "0-1"]
[WhiteElo "1239"]
[BlackElo "1227"]

1. Nf3 Nc6 2. e3 e5 3. Be2 d5 4. O-O Bd6 5. Nc3 Be6 6. a3 Nh6 7. a4 e4 8. Ne1 a6
9. d4 Nf5 10. b3 Qh4 11. f3 Qxh2+ 12. Kf2 Bg3# 0-1

[Event "Sirshawn - alo"]
[Site "http://www.queenalice.com/game.php?id=1381030"]
[Date "2015.9.3"]
[Round "-"]
[White "SirShawn"]
[Black "aloeto35"]
[Result "0-1"]
[WhiteElo "1236"]
[BlackElo "1228"]

1. e3 e5 2. Bc4 Nf6 3. Nf3 Nc6 4. O-O d5 5. Bb3 Be6 6. d4 Bd6 7. Qd3 e4 8. Qe2
exf3 9. gxf3 Ng4 10. fxg4 Qh4 11. f3 g5 12. Ba4 h5 13. e4 O-O-O 14. c3 hxg4 15.
Nd2 g3 16. Kh1 Qxh2+ 17. Qxh2 Rxh2+ 18. Kg1 Rdh8 19. exd5 Rh1+ 20. Kg2 R8h2# 0-1

[Event "peaceman-aloeto"]
[Site "http://www.queenalice.com/game.php?id=1385742"]
[Date "2015.9.27"]
[Round "-"]
[White "peaceman"]
[Black "aloeto35"]
[Result "0-1"]
[WhiteElo "1205"]
[BlackElo "1212"]

1. e4 e5 2. h3 Nf6 3. f3 Nc6 4. a3 d5 5. d3 Nd4 6. Ne2 Be7 7. b4 Nh5 8. g4 Bh4+
9. Kd2 Nxf3+ 10. Ke3 d4+ 11. Kxf3 Qf6+ 12. Kg2 Qf2# 0-1

[Event "OS INCLIVEIS"]
[Site "http://www.queenalice.com/game.php?id=1396422"]
[Date "2015.11.28"]
[Round "-"]
[White "adelio"]
[Black "aloeto35"]
[Result "0-1"]
[WhiteElo "1730"]
[BlackElo "1260"]

1. d4 d5 2. e4 Nf6 3. e5 Ne4 4. f3 Bf5 5. g4 Bg6 6. Nc3 e6 7. Nxe4 dxe4 8. h4
Nc6 9. c3 h5 10. Bg5 f6 11. exf6 gxf6 12. Be3 e5 13. d5 Na5 14. b4 Bf7 15. bxa5
Qxd5 16. Qxd5 Bxd5 17. f4 Be7 18. f5 hxg4 19. Ne2 Kf7 20. Ng3 Rad8 21. h5 Kg7
22. h6+ Kf7 23. Be2 Bc6 24. Bxg4 Rdg8 25. Rh4 Ba3 26. Bh5+ Ke7 27. Kf2 Kd8 28.
Bg6 Bb2 29. Rb1 Bxc3 30. Bxa7 Bxa5 31. h7 Rf8 32. Nxe4 b6 33. Rc1 Kd7 34. Rd1+
Kc8 35. Rh6 Bxe4 36. Be8 Rxe8 37. Rxf6 Kb7 38. Rf7 Kxa7 39. Rxc7+ Kb8 40. Rg7 b5
41. Rdd7 Bb6+ 42. Ke2 Bxf5 43. Rb7+ Kc8 44. Rxb6 Rxh7 45. Rg5 Bd7 46. Rg3 e4 47.
Rc3+ Kd8 48. Rc5 e3 49. Rd5 Rh2+ 50. Kf3 Rf2+ 51. Kg3 Rg8+ 52. Kh4 Rh2# 0-1

[Event "OS INCLIVEIS"]
[Site "http://www.queenalice.com/game.php?id=1396423"]
[Date "2015.11.28"]
[Round "-"]
[White "aloeto35"]
[Black "adelio"]
[Result "1-0"]
[WhiteElo "1230"]
[BlackElo "1726"]

1. e4 a6 2. d4 c5 3. Nc3 e6 4. d5 d6 5. Nf3 Be7 6. e5 h5 7. h4 f6 8. Bd3 f5 9.
Ng5 Nh6 10. Qxh5+ Kd7 11. dxe6+ Kc6 12. Qf3+ d5 13. a4 b6 14. Bc4 b5 15. axb5+
Kb7 16. Bxd5+ Kb6 17. Bd2 axb5 18. Bxa8 Qxd2+ 19. Kxd2 Rd8+ 20. Nd5+ Rxd5+ 21.
Qxd5 c4 22. Qd4+ Bc5 23. Qd8# 1-0

[Event "shimella - aloeto"]
[Site "http://www.queenalice.com/game.php?id=1405157"]
[Date "2016.1.20"]
[Round "-"]
[White "shimella"]
[Black "aloeto35"]
[Result "1-0"]
[WhiteElo "1196"]
[BlackElo "1240"]

1. e4 e5 2. Nf3 Nc6 3. d4 d6 4. Be3 Nf6 5. Bd3 Be7 6. O-O Bg4 7. h3 h5 8. Nc3 d5
9. Bg5 Bxf3 10. Qxf3 Nxd4 11. Qd1 h4 12. exd5 Qd7 13. Re1 Bd6 14. Ne4 Qe7 15. c3
Bc5 16. b4 Qd7 17. bxc5 Qf5 18. cxd4 Nd7 19. c6 bxc6 20. dxc6 Nb6 21. Qb3 Rd8
22. Qb4 Nd5 23. Qc5 Qe6 24. Rab1 Nb6 25. Rb5 f6 26. Be3 1-0

[Event "swampthing - ALO"]
[Site "http://www.queenalice.com/game.php?id=1411174"]
[Date "2016.2.26"]
[Round "-"]
[White "swampthing"]
[Black "aloeto35"]
[Result "1-0"]
[WhiteElo "1292"]
[BlackElo "1255"]

1. Nf3 d5 2. d4 Nf6 3. Nc3 e6 4. b3 Nc6 5. a4 a6 6. Qd3 Bd6 7. Be3 Nb4 8. Qd2
Ng4 9. h3 Nxe3 10. fxe3 Bg3+ 11. Kd1 a5 12. h4 O-O 13. e4 Qf6 14. exd5 exd5 15.
Qe3 1-0

[Event "swampthing - ALO"]
[Site "http://www.queenalice.com/game.php?id=1411175"]
[Date "2016.2.26"]
[Round "-"]
[White "swampthing"]
[Black "aloeto35"]
[Result "1-0"]
[WhiteElo "1299"]
[BlackElo "1290"]

1. e3 e5 2. Nf3 d6 3. d4 Nc6 4. c3 f6 5. dxe5 dxe5 6. Qa4 Bd7 7. Bd3 f5 8. Qc4
Nf6 9. Ng5 Qe7 10. b3 e4 11. Ba3 Ne5 12. Qxc7 Qd8 13. Qxe5+ Be7 14. Bc4 Ng8 15.
Qxg7 Qc7 16. Bf7+ Kd8 17. Qxh8 h6 18. Qxg8+ 1-0

[Event "Chris-Alo"]
[Site "http://www.queenalice.com/game.php?id=1419155"]
[Date "2016.4.19"]
[Round "-"]
[White "ChrisBidlack"]
[Black "aloeto35"]
[Result "1-0"]
[WhiteElo "1203"]
[BlackElo "1274"]

1. e4 e5 2. d4 Nc6 3. d5 Nd4 4. Be3 d6 5. Bxd4 exd4 6. Qxd4 f6 7. Qd1 Nh6 8. Be2
Qe7 9. Nf3 Qxe4 10. Nc3 Qe7 11. O-O f5 12. Bb5+ Bd7 13. Re1 1-0

[Event "Nicole-Aloeto"]
[Site "http://www.queenalice.com/game.php?id=1556973"]
[Date "2019.1.16"]
[Round "-"]
[White "Nicole63"]
[Black "aloeto35"]
[Result "0-1"]
[WhiteElo "1066"]
[BlackElo "1222"]

1. e4 e5 2. Bc4 Nf6 3. Nf3 Nc6 4. d3 Bd6 5. Ng5 Qe7 6. Nxf7 Rf8 7. Ng5 Bc5 8.
O-O d6 9. Nc3 Nb4 10. Nxh7 Rh8 11. Ng5 Bg4 12. Qe1 c6 13. Qe2 Bxe2 14. Nxe2 Ng4
15. a3 Rxh2 16. g3 Qf8 17. Ne6 Qf3 18. Nc3 Qg2# 0-1